| 000 | 00838nam a2200241Ia 4500 | ||
|---|---|---|---|
| 005 | 20250425162054.0 | ||
| 008 | 250425s9999 xx 000 0 und d | ||
| 020 | _a8471141892 | ||
| 041 | _aspa | ||
| 082 | _a631.7 | ||
| 100 | _aLOSADA VILLASANTE, A. | ||
| 245 | 0 | _aEL RIEGO: FUNDAMENTOS HIDRAULICOS | |
| 250 | _a1A ED. | ||
| 260 |
_aEspaƱa _bMUNDI PRENSA _c1998 |
||
| 260 | _aS.L. | ||
| 300 | _a430 | ||
| 500 | _aEN CIBGZ-FIMCP D-30232 PARA ING. AGROP. | ||
| 520 | _aEL RIEGO CONTRIBUYE A MODIFICAR LAS CIRCUNSTANCIAS NATURALES ( SUELO Y CLIMA) QUE RODEAN AL DESARROLLO DE LOS CULTIVOS. TIENE POR ELLO UNA RELACION DIRECTA CON OTRAS CIENCIAS AGRONOMICAS QUE ANALIZAN Y, EN SU CASO, TAMBIEN MEJORAN ESE MEDIO NATURAL. | ||
| 650 | _aHIDRAULICA AGRICOLA | ||
| 650 | _aRIEGO-SISTEMAS | ||
| 942 | _c01 | ||
| 010 | _a47356 | ||
| 999 |
_c221777 _d221777 |
||